Normal view
MARC view
- Rahim, Maryam
Entry Personal Name
001 - CONTROL NUMBER
- control field: 17940
003 - CONTROL NUMBER IDENTIFIER
- control field: NUST
005 - DATE AND TIME OF LATEST TRANSACTION
- control field: 20190718045753.0
008 - FIXED-LENGTH DATA ELEMENTS
- fixed length control field: 190718|| aca||aabn | a|a d
040 ## - CATALOGING SOURCE
- Original cataloging agency: NUST
- Transcribing agency: NUST
100 ## - HEADING--PERSONAL NAME
- Personal name: Rahim, Maryam
670 ## - SOURCE DATA FOUND
- Source citation: Work cat.: (NUST): Rahim, Maryam, Assessing Risk Management Framework at Engro Foods Canada Limited /, 2013.
